00346nam a2200133Ia 4500008004100000020001500041041001200056082001900068100002300087245004300110260002700153300001200180650002000192231217s9999 xx 000 0 und d a8131401111 aEnglish a658.827 SHA;4 aShanthi, N M. ed. 0aBranding services : global perspective c2006bIcfaiaHyderabad aix, 206 aBranding,global